Planeación comercial: guía práctica

Shranjeno v:
Bibliografske podrobnosti
Main Authors: Lerma y Kirchner, Alejandro Eugenio (Author), Bárcena Juárez, Sergio (Author)
Format: Knjiga
Jezik:španščina
Izdano: Ciudad de México Alfaomega 2013
Izdaja:1a. ed
Teme:
Oznake: Označite
Brez oznak, prvi označite!

MARC

LEADER 00000cam a2200000 a 4500
001 UCE9339
003 CL-VaPUC
008 151016e20130000mx |||||||||||||||||spa|d
020 |a 9786077076049 
082 0 4 |a 658.8  |b LER  |2 21 
100 |a Lerma y Kirchner, Alejandro Eugenio  |e author  |9 582159 
700 0 |a Bárcena Juárez, Sergio  |e author  |9 582160 
245 1 0 |a Planeación comercial: guía práctica 
250 |a 1a. ed 
300 |a 280 p 
942 |c BK 
945 |d 20151016 11:50:00  |a dcastane 
260 |a Ciudad de México  |b Alfaomega  |c 2013 
650 0 |a Comercialización   |9 259326 
650 0 |a Planificación estratégica   |9 259735 
650 0 |a Marketing  |9 259324 
583 |a last modification  |c 20151016 11:50:00  |k Rodrigo Vera 
999 |c 361008  |d 361006 
952 |0 0  |1 0  |3 erb  |4 0  |6 658_800000000000000_LER_2013  |7 0  |8 A  |9 471310  |a BIBENE  |b BIBENE  |i 5243580  |l 1  |o 658.8 LER 2013  |p 5243580  |r 2025-01-15  |s 2023-08-09  |w 2019-11-24  |y BK  |z Catalogado en:20151016  |k ICO